| 000 | 00519nam a2200181Ia 4500 | ||
|---|---|---|---|
| 003 | GCL | ||
| 008 | 140319s9999 xx 000 0 eng d | ||
| 040 |
_aGCL / _cGCL |
||
| 082 | 0 | 4 |
_a621.3 _bI A |
| 100 | 1 | _aTHIRUVEN GADAM. S | |
| 245 | 1 | 0 |
_aAN INTRODUCTION TO ELECTNICAL ENGINEERING MATERIALS / _cTHIRUVEN GADAM. S |
| 700 | 1 | _aIMDULKAR, C.S | |
| 260 |
_a[S.N] : _bS. CHAND & COMPANY LTD ، _c1992 |
||
| 300 | _a395 | ||
| 650 | 0 | 4 | _aالتحليل الرياضى |
| 650 | 0 | 4 | _aELECTRIC ENGINEERING |
| 942 |
_2ddc _cBK |
||
| 999 |
_c19790 _d19790 |
||